LIBRARY & INFORMATION CENTRE, KCAET, TAVANUR

ONLINE PUBLIC ACCESS CATALOGUE (OPAC)

Design and development of manually operated copra slicer (Record no. 14966)

MARC details
000 -LEADER
fixed length control field 00632nam a22001817a 4500
003 - CONTROL NUMBER IDENTIFIER
control field OSt
088 ## - REPORT NUMBER
Report number P 309
100 ## - MAIN ENTRY--AUTHOR NAME
Personal name ANOOP S.V
-- ANSI K.A
-- DIDEESH M
245 ## - TITLE STATEMENT
Title Design and development of manually operated copra slicer
260 ## - PUBLICATION, DISTRIBUTION, ETC. (IMPRINT)
Place of publication Tavanur 2015
Name of publisher Department Of Farm Power Machinery and Energy
300 ## - PHYSICAL DESCRIPTION
Number of Pages 53
500 ## - GENERAL NOTE
General note Design and development of manually operated copra slicer
520 ## - SUMMARY, ETC.
Summary, etc Design and development of manually operated copra slicer
700 ## - ADDED ENTRY--PERSONAL NAME
Personal name Er. Sindhu Bhaskar
856 ## - ELECTRONIC LOCATION AND ACCESS
Uniform Resource Identifier https://drive.google.com/open?id=1nSaAo8CU5qgokTrr9dz2pGpfZiLpbGeC
942 ## - ADDED ENTRY ELEMENTS (KOHA)
Koha item type Project Report
Holdings
Collection code Home library Current library Shelving location Full call number Accession Number Koha item type
Reference KAUAET KAUAET Reference 631.3 ANO/DE P 309 Project Report
free website counter